000 00590nam a2200205Ia 4500
005 20250923145852.0
008 008 250917s9999 xx 000 0 eng d
037 _aTextual
040 _aDSWL
_beng
_cDSWL
041 _aeng
_2eng
084 _aY330aG:55.2, N93
_qDSWL
100 _aBuch, M.N.
_9839751
245 0 _aEnvironmental consciousness and urban planning
_c by M.N. Buch
260 _aNew Delhi
_b Orient Longman
_c1993
300 _aviii,81p.
365 _aINR
_b25.00
925 _g25.00
942 _cTEXL
_hY330aG:55.2, N93
999 _c1456707
_d1456707